| 000 | 00844nam a2200265Ia 4500 | ||
|---|---|---|---|
| 003 | OSt | ||
| 005 | 20220918170721.0 | ||
| 006 | a|||||r|||| 00| 0 | ||
| 007 | ta | ||
| 008 | 220917b |||||||| |||| 00| 0 eng d | ||
| 020 |
_a9780415709811 (pbk) _c3603.25 |
||
| 024 | _a278,219 | ||
| 037 |
_b1433, 19/12/2013, Organge Books International _cTextual |
||
| 040 |
_aARTS _cARTS _beng |
||
| 041 |
_2eng _aeng |
||
| 082 | _aT:3(P), Q4 | ||
| 100 |
_aGass Susan M Ed. _930611 |
||
| 245 | 0 | _aRoutledge handbook of second language acquisition | |
| 260 |
_aLondon _bRoutledge UK _c2014 |
||
| 300 |
_axviii,609p. _ccm. |
||
| 650 | _aEDUCATION | ||
| 700 |
_a Mackey Alison Ed. _930612 |
||
| 942 |
_hT:3(P), Q4 _cTEXL _2CC |
||
| 999 |
_c135333 _d135333 |
||